Viralliset Disney prinsessat kuvina - Statistics

Yleistilastot
  • Tätä visaa on pelattu 342 kertaa
  • Keskiarvotulos 11 / 12
Vastaustilastot
Kuvavisa Vastaus % Oikein
Ariel
99%
Tuhkimo
98%
Aurora
97%
Lumikki
97%
Belle
94%
Tähkäpää
93%
Mulan
89%
Jasmine
87%
Pocahontas
86%
Vaiana
84%
Merida
68%
Tiana
63%
Ehtoja vastaavia visoja ei löytynyt
Tulosjakauma
Jokaisen tuloksen saaneiden osuus
Persentiili vastausten määrän mukaan
Tuloshistoriasi
Et ole pelannut tätä visaa